00587 2200265 4500001002100000005001500021035002000036082000800056084001400064100002400078245004600102250000600148260003700154600001000191990001200201990001200213990001200225990001200237990001200249990001200261990001200273990001200285990001200297990001200309INLIS00000000000164820250429082741 a0010-0425000064 a813 a813 SAM t0 aSamson Rambah Pasir1 aTirani dan Benteng /cSamson Rambah Pasir a1 aJakarta :bYayasan Ananda,c2002 4aFiksi a02.1940 a02.1941 a02.1942 a02.1943 a02.1944 a02.1945 a02.1946 a02.1947 a02.1948 a02.1949